000 00178 a2200097 4500
001 6453
100 _aMunce, J F
245 _a
260 _a
_bPergamon
_c
090 _c5312
_d5312
942 _aNUST-CAE
_cM
_c31726
999 _c241526
_d241526